Distritos de Pernambuco em um Mapa - Statistics

Estatísticas Gerais
  • Esse quiz foi jogado 133 vezes
  • A pontuação média é 38 de 392
Respostas no mapa
Respostas codificadas por cores de uma escala verde-vermelha no mapa do quiz de acordo com a % correta abaixo.
 
Estatísticas das Respostas
Município Distrito % Correto
Recife Recife
74%
Caruaru Caruaru
58%
Petrolina Petrolina
56%
Olinda Olinda
53%
Jaboatão dos Guararapes Jaboatão
52%
Jaboatão dos Guararapes Jaboatão dos Guararapes
52%
Fernando de Noronha Fernando de Noronha
50%
Paulista Paulista
41%
Gravatá Gravatá
40%
Serra Talhada Serra Talhada
39%
Vitória de Santo Antão Vitória de Santo Antão
38%
Abreu e Lima Abreu e Lima
37%
Cabo de Santo Agostinho Cabo de Santo Agostinho
37%
Igarassu Igarassu
36%
Ipojuca Ipojuca
36%
Arcoverde Arcoverde
35%
Bonito Bonito
35%
Garanhuns Garanhuns
34%
Exu Exu
33%
Goiana Goiana
33%
Flores Flores
32%
Santa Cruz Santa Cruz
32%
Panelas São José
32%
Araripina Araripina
30%
Belo Jardim Belo Jardim
30%
Bezerros Bezerros
30%
Camaragibe Camaragibe
30%
Salgueiro Salgueiro
30%
Cabrobó Cabrobó
29%
Floresta Floresta
29%
Santa Cruz do Capibaribe Santa Cruz do Capibaribe
28%
Sertânia Sertânia
28%
Limoeiro Limoeiro
26%
Moreno Moreno
26%
Pesqueira Pesqueira
26%
São Bento do Una São Bento do Una
26%
Brejo da Madre de Deus Brejo da Madre de Deus
25%
São Lourenço da Mata São Lourenço da Mata
25%
Afogados da Ingazeira Afogados da Ingazeira
24%
Ilha de Itamaracá Ilha de Itamaracá
24%
Ouricuri Ouricuri
24%
Agrestina Agrestina
23%
Buíque Buíque
23%
Paudalho Paudalho
23%
Petrolândia Petrolândia
23%
São João São João
23%
Tamandaré Tamandaré
23%
Afrânio Afrânio
22%
Água Preta Água Preta
22%
Águas Belas Águas Belas
22%
Buenos Aires Buenos Aires
22%
Pedra Pedra
22%
São José do Egito São José do Egito
22%
Triunfo Triunfo
22%
Caetés Caetés
21%
Escada Escada
21%
Lagoa Grande Lagoa Grande
21%
Surubim Surubim
21%
Carpina Carpina
20%
Palmares Palmares
20%
Bodocó Bodocó
19%
Cachoeirinha Cachoeirinha
19%
Custódia Custódia
19%
Ingazeira Ingazeira
19%
Santa Cruz do Capibaribe Pará
19%
Alagoinha Alagoinha
18%
Aliança Aliança
18%
Brejinho Brejinho
18%
Lajedo Lajedo
18%
Orobó Orobó
18%
Panelas Panelas
18%
Solidão Solidão
18%
Brejão Brejão
17%
Buíque Carneiro
17%
Inajá Inajá
17%
Itambé Itambé
17%
Pombos Pombos
17%
Santa Terezinha | Água Preta Santa Terezinha
17%
Serrita Serrita
17%
Xexéu Xexéu
17%
Altinho Altinho
16%
Araçoiaba Araçoiaba
16%
Barreiros Barreiros
16%
Betânia Betânia
16%
Bom Jardim Bom Jardim
16%
Correntes Correntes
16%
Gameleira Gameleira
16%
Orocó Orocó
16%
Salgadinho Salgadinho
16%
Santa Maria da Boa Vista Santa Maria da Boa Vista
16%
Pedra Santo Antônio
16%
São José da Coroa Grande São José da Coroa Grande
16%
Sirinhaém Sirinhaém
16%
Toritama Toritama
16%
Trindade Trindade
16%
Belém do São Francisco Belém do São Francisco
15%
Catende Catende
15%
Cedro Cedro
15%
Ipubi Ipubi
15%
Itaíba Itaíba
15%
Jatobá Jatobá
15%
Ribeirão Ribeirão
15%
São José do Belmonte São José do Belmonte
15%
Itapetim São Vicente
15%
Terezinha Terezinha
15%
Vicência Vicência
15%
Bom Conselho Bom Conselho
14%
Carnaíba Carnaíba
14%
Jupi Jupi
14%
Manari Manari
14%
Moreilândia Moreilândia
14%
Riacho das Almas Riacho das Almas
14%
Rio Formoso Rio Formoso
14%
Santa Filomena Santa Filomena
14%
Verdejante Verdejante
14%
Dormentes Dormentes
13%
Feira Nova Feira Nova
13%
Ibimirim Ibimirim
13%
Nazaré da Mata Nazaré da Mata
13%
Quixaba Quixaba
13%
Serra Talhada | Tuparetama Santa Rita
13%
São Benedito do Sul São Benedito do Sul
13%
Vertentes Vertentes
13%
Carnaubeira da Penha Carnaubeira da Penha
12%
Itapissuma Itapissuma
12%
Jurema Jurema
12%
Lagoa do Carro Lagoa do Carro
12%
Parnamirim Parnamirim
12%
São Caitano São Caitano
12%
Garanhuns São Pedro
12%
Terra Nova Terra Nova
12%
Timbaúba Timbaúba
12%
Belém de Maria Belém de Maria
11%
Ferreiros Ferreiros
11%
Granito Granito
11%
Joaquim Nabuco Joaquim Nabuco
11%
Dormentes Lagoas
11%
Cabo de Santo Agostinho Santo Agostinho
11%
Brejo da Madre de Deus São Domingos
11%
Ipubi Serra Branca
11%
Tacaimbó Tacaimbó
11%
Tuparetama Tuparetama
11%
Venturosa Venturosa
11%
Flores Fátima
10%
Iati Iati
10%
João Alfredo João Alfredo
10%
Lagoa dos Gatos Lagoa dos Gatos
10%
Passira Passira
10%
Sairé Sairé
10%
Sanharó Sanharó
10%
Tabira Tabira
10%
Amaraji Amaraji
9%
Camocim de São Félix Camocim de São Félix
9%
Capoeiras Capoeiras
9%
Chã Grande Chã Grande
9%
Cumaru Cumaru
9%
Cupira Cupira
9%
Glória do Goitá Glória do Goitá
9%
Ibirajuba Ibirajuba
9%
Iguaracy Iguaracy
9%
Itapetim Itapetim
9%
Jataúba Jataúba
9%
Sanharó Mulungu
9%
Taquaritinga do Norte Pão de Açúcar
9%
Primavera Primavera
9%
Quipapá Quipapá
9%
Saloá Saloá
9%
São Vicente Férrer São Vicente Férrer
9%
Araripina Serrânia
9%
Tacaratu Tacaratu
9%
Barra de Guabiraba Barra de Guabiraba
8%
Calçado Calçado
8%
Calumbi Calumbi
8%
Canhotinho Canhotinho
8%
Brejo da Madre de Deus Fazenda Nova
8%
Triunfo Jericó
8%
Igarassu Nova Cruz
8%
Palmeirina Palmeirina
8%
São Joaquim do Monte São Joaquim do Monte
8%
Taquaritinga do Norte Taquaritinga do Norte
8%
Tupanatinga Tupanatinga
8%
Bom Jardim Umari
8%
Angelim Angelim
7%
Jaboatão dos Guararapes Curado
7%
Bom Jardim Encruzilhada
7%
Serra Talhada Pajeú
7%
Petrolina Rajada
7%
Vertente do Lério Vertente do Lério
7%
Belo Jardim Água Fria
6%
Moreno Bonança
6%
São José do Egito Bonfim
6%
Itacuruba Itacuruba
6%
Jaboatão dos Guararapes Jardim Jordão
6%
Jataúba Jundiá
6%
Lagoa do Ouro Lagoa do Ouro
6%
Machados Machados
6%
Gravatá Mandacaru
6%
Poção Poção
6%
Santa Cruz do Capibaribe Poço Fundo
6%
Tracunhaém Tracunhaém
6%
Belém de Maria Batateira
5%
Camutanga Camutanga
5%
Triunfo Canaã
5%
Chã de Alegria Chã de Alegria
5%
Cortês Cortês
5%
Frei Miguelinho Frei Miguelinho
5%
Itaquitinga Itaquitinga
5%
Jaqueira Jaqueira
5%
Jucati Jucati
5%
Lagoa de Itaenga Lagoa de Itaenga
5%
Maraial Maraial
5%
Mirandiba Mirandiba
5%
Paranatama Paranatama
5%
Quipapá | Salgueiro Pau Ferro
5%
Goiana Ponta de Pedras
5%
Santa Cruz da Baixa Verde Santa Cruz da Baixa Verde
5%
Santa Maria do Cambucá Santa Maria do Cambucá
5%
Casinhas Casinhas
4%
Pesqueira Cimbres
4%
Condado Condado
4%
Pesqueira Mimoso
4%
Serra Talhada Varzinha
4%
Sertânia Algodões
3%
Bonito Alto Bonito
3%
Jaboatão dos Guararapes Cavaleiro
3%
Águas Belas Curral Novo
3%
São Bento do Una Espírito Santo
3%
Lagoa dos Gatos Igarapeassu
3%
Iguaracy Jabitacá
3%
Catende Laje Grande
3%
Macaparana Macaparana
3%
Ipojuca Nossa Senhora do Ó
3%
Sertânia Rio da Barra
3%
Ipubi Serrolândia
3%
Flores Sítio dos Nunes
3%
Sertânia Albuquerque Né
2%
Afrânio Arizona
2%
São José do Belmonte Bom Nome
2%
Afrânio Cachoeira do Roberto
2%
Ipojuca Camela
2%
Buíque Catimbau
2%
Abreu e Lima Distrito Industrial
2%
Araripina Gergelim
2%
Belém do São Francisco Ibó
2%
Jataúba Jacu
2%
Lagoa Grande Jutaí
2%
Frei Miguelinho Lagoa de João Carlos
2%
Caruaru Lajedo do Cedro
2%
Serra Talhada Logradouro
2%
Serra Talhada Luanda
2%
São Caitano Maniçoba
2%
Custódia Maravilha
2%
Araripina Morais
2%
Ibimirim Moxotó
2%
Araripina Nascente
2%
Floresta Nazaré do Pico
2%
Itaíba Negras
2%
Serrita Ori
2%
Cabo de Santo Agostinho Ponte dos Carvalhos
2%
Bom Conselho Rainha Isabel
2%
Tamandaré Sauê
2%
Lagoa Grande Vermelho
2%
Floresta Airi
1%
Cumaru Ameixas
1%
Glória do Goitá Apoti
1%
Ouricuri Barra de São Pedro
1%
Brejo da Madre de Deus Barra do Farias
1%
Serra Talhada Bernardo Vieira
1%
Bezerros Boas Novas
1%
Araripina Bom Jardim do Araripe
1%
Cachoeirinha Cabanas
1%
Serra Talhada Caiçarinha da Penha
1%
Santa Maria da Boa Vista Caraíbas
1%
Petrolina Cristália
1%
Timbaúba Cruanji
1%
Panelas Cruzes
1%
Escada Frexeiras
1%
Caruaru Gonçalves Ferreira
1%
Sertânia Henrique Dias
1%
Sirinhaém Ibiratinga
1%
São Benedito do Sul Igarapeba
1%
Cabo de Santo Agostinho Juçaral
1%
Bom Conselho Lagoa de São José
1%
Araripina Lagoa do Barro
1%
Aliança Macujê
1%
Brejo da Madre de Deus Mandaçaia
1%
Canhotinho Paquevira
1%
Vitória de Santo Antão Pirituba
1%
Correntes Poço Comprido
1%
Pedra Poço do Boi
1%
Custódia Quitimbu
1%
Jataúba | São José do Egito Riacho do Meio
1%
Panelas São Lázaro
1%
Bezerros Sapucarana
1%
São Vicente Férrer Siriji
1%
Exu Tabocas
1%
Serra Talhada Tauapiranga
1%
Goiana Tejucopapo
1%
Exu Timorante
1%
Riacho das Almas Trapiá
1%
Salgueiro Umãs
1%
Orobó Umburetama
1%
Limoeiro Urucuba
1%
Belo Jardim Xucuru
1%
Ribeirão Aripibu
0%
Bom Conselho Barra do Brejo
0%
Agrestina Barra do Chata
0%
Agrestina Barra do Jardim
0%
São Joaquim do Monte Barra do Riachão
0%
Sirinhaém Barra do Sirinhaém
0%
Passira Bengalas
0%
Bonito Bentevi
0%
Bom Jardim Bizarra
0%
Dormentes Caatinga Grande
0%
Bom Conselho Caldeirões
0%
Tacaratu Caraibeiras
0%
Caruaru Carapotós
0%
Itambé Caricé
0%
Barreiros Carimã
0%
Moreilândia Caririmirim
0%
Orobó Chã do Rocha
0%
Surubim Chéus
0%
Bodocó Claranã
0%
Rio Formoso Cocaú
0%
Salgueiro Conceição das Crioulas
0%
Riacho das Almas Couro d'Antas
0%
Gameleira Cuiambuca
0%
Petrolina Curral Queimado
0%
Pombos Dois Leões
0%
Lagoa dos Gatos Entroncamento
0%
Bodocó Feitoria
0%
Taquaritinga do Norte Gravatá do Ibiapina
0%
Venturosa Grotão
0%
Buíque Guanumbi
0%
Pedra Horizonte Alegre
0%
Saloá Iatecá
0%
Itambé Ibiranga
0%
Carnaíba Ibitiranga
0%
Parnamirim Icaiçara
0%
Lagoa do Ouro Igapó
0%
Serrita Ipuera
0%
Iguaracy Irajaí
0%
Garanhuns Iratama
0%
Altinho Ituguaçu
0%
Sanharó Jenipapo
0%
Gameleira José da Costa
0%
Ribeirão José Mariano
0%
Dormentes Lagoa de Fora
0%
Lagoa dos Gatos Lagoa do Souza
0%
Cupira Laje de São José
0%
Timbaúba Livramento do Tiúma
0%
Garanhuns Miracica
0%
Dormentes Monte Orebe
0%
Vicência Murupé
0%
Pesqueira Mutuca
0%
São Lourenço da Mata Nossa Senhora da Luz
0%
Pombos Nossa Senhora do Carmo
0%
Canhotinho Olho d'Água de Dentro
0%
Poção Pão de Açúcar de Poção
0%
Pesqueira Papagaio
0%
Jataúba Passagem do Tó
0%
Alagoinha Perpétuo Socorro
0%
Riacho das Almas Pinhões
0%
Afrânio Poção de Afrânio
0%
Tacaimbó Riacho Fechado
0%
Belém do São Francisco Riacho Pequeno
0%
Pesqueira Salobro
0%
São Joaquim do Monte Santana de São Joaquim
0%
Jurema Santo Antôniodas Queimadas
0%
Palmares Santo Antôniodos Palmares
0%
Betânia São Caetano do Navio
0%
Pedra São Pedro do Cordeiro
0%
Belo Jardim Serra do Vento
0%
Maraial Sertãozinho de Baixo
0%
Bom Jardim Tamboatá
0%
São Caitano Tapiraim
0%
Igarassu Três Ladeiras
0%
Mirandiba Tupanaci
0%
Aliança Tupaoca
0%
Aliança Upatininga
0%
Santa Maria da Boa Vista Urimamã
0%
Gravatá Uruçu-Mirim
0%
Salgueiro Vasques
0%
Parnamirim Veneza
0%
Exu Viração
0%
Riacho das Almas Vitorino
0%
Jatobá Volta do Moxotó
0%
Exu Zé Gomes
0%
Nenhum quiz correspondente encontrado
Distribuição das Pontuações
Porcentagem de Pessoas com Cada Pontuação
Percentil de Números Respondidos
Sua Pontuação Histórica
Você não jogou esse quiz